| 000 | 00931nam a2200265Ia 4500 | ||
|---|---|---|---|
| 003 | OSt | ||
| 005 | 20221005105806.0 | ||
| 006 | a|||||r|||| 00| 0 | ||
| 007 | ta | ||
| 008 | 221004b |||||||| |||| 00| 0 hin d | ||
| 020 |
_a9788171382248 (hbk) _c300 |
||
| 024 | _a107405 | ||
| 037 |
_b1460, 17/03/2011, Kiran Book Service _cTextual |
||
| 040 |
_aCRL _cCRL _bhin |
||
| 041 |
_2hin _ahin |
||
| 082 | _a4, 152Q1 | ||
| 100 | _aश्रीधर, विजयदत्त | ||
| 245 | 0 | _aपहला संपादकीय | |
| 246 | _aPahalā sanpādakīya | ||
| 260 |
_aनई दिल्ली _bसामयिक प्रकाशन भारत _c2011 |
||
| 300 |
_a207पृ0 _ccm. |
||
| 650 | _aहिन्दी पत्रकारिता | ||
| 942 |
_h4, 152Q1 _cTEXL _2cc |
||
| 999 |
_c1016917 _d1016917 |
||